Territorios de hierro para explorar la libertad (Record no. 174925)

MARC details
000 -LEADER
campo de control de longitud fija 00859nam a2200229 4500
001 - NÚMERO DE CONTROL
campo de control 174925
003 - IDENTIFICADOR DE NÚMERO DE CONTROL
campo de control ES-MaACL
005 - FECHA Y HORA DE LA ÚLTIMA TRANSACCIÓN
campo de control 20230906215709.0
008 - DATOS DE LONGITUD FIJA--INFORMACIÓN GENERAL
campo de control de longitud fija 100713s1991 sp af |||| | spa d
080 ## - NÚMERO DE LA CLASIFICACIÓN DECIMAL UNIVERSAL
Número de la Clasificación Decimal Universal 73.036(460)(064.3)
245 00 - MENCIÓN DEL TÍTULO
Título Territorios de hierro para explorar la libertad
Resto del título : Taller de Arte Experimental del Centro Penitenciario de Segovia.
246 30 - FORMA VARIANTE DEL TITULO
Título propio/Titulo breve Taller de Arte Experimental del Centro Penitenciario de Segovia
260 ## - PUBLICACIÓN, DISTRIBUCIÓN, ETC.
Lugar de publicación, distribución, etc. Segovia :
Nombre del editor, distribuidor, etc. Taller de Arte Experimental :
-- Cruz Roja Española,
Fecha de publicación, distribución, etc. [1991]
300 ## - DESCRIPCIÓN FÍSICA
Extensión [32] p. :
Otras características físicas il. col. y n. ;
Dimensiones 26 cm.
500 ## - NOTA GENERAL
Nota general Índice.
650 #7 - PUNTO DE ACCESO ADICIONAL DE MATERIA--TÉRMINO DE MATERIA
Término de materia o nombre geográfico como elemento de entrada Escultura española-
Subdivisión cronológica S.XX-
Subdivisión de forma Exposiciones.
9 (RLIN) 12438
655 #7 - TERMINO DE INDIZACIÓN--GENERO/FORMA
Fuente del término tgfbne
9 (RLIN) 193628
Datos o término principal de género/forma Catálogos de exposiciones
710 2# - ENTRADA AGREGADA--NOMBRE DE ENTIDAD CORPORATIVA
Nombre de entidad corporativa o nombre de jurisdicción como elemento de entrada Cruz Roja Española.
9 (RLIN) 3322
852 4# - LOCALIZACIÓN
Ubicación ES-MaACL
Número de control de estantería 2280-F-6
942 ## - ELEMENTOS DE ENTRADA SECUNDARIOS (KOHA)
Fuente del sistema de clasificación o colocación Clasificación decimal universal
Holdings
Estatus retirado Estado de pérdida Estado de daño No para préstamo Colección Biblioteca de origen Biblioteca actual Ubicación en estantería Fecha de adquisición Fuente de adquisición Total de préstamos Signatura topográfica completa Código de barras Visto por última vez Precio de reemplazo Tipo de ítem Koha
        Colección de folletos Biblioteca del Ateneo de Madrid Biblioteca del Ateneo de Madrid Depósito folletos 13/07/2010     2280-F-6 1183660 23/02/2023 23/02/2023 Folleto